Desarrollo del lenguaje y cognición
Tallennettuna:
| Päätekijät: | , , , |
|---|---|
| Aineistotyyppi: | Kirja |
| Kieli: | espanja |
| Julkaistu: |
Madrid
Pirámide
1998
|
| Sarja: | Colección Psicología
|
| Aiheet: | |
| Tagit: |
Lisää tagi
Ei tageja, Lisää ensimmäinen tagi!
|
MARC
| LEADER | 00000nam a2200000 a 4500 | ||
|---|---|---|---|
| 001 | UCP7781 | ||
| 003 | CL-VaPUC | ||
| 008 | 991223e19980000SP |||||||||||||||||spa|d | ||
| 020 | |a 8436812387 | ||
| 082 | 0 | 4 | |a 372.6 |b PER |2 21 |
| 100 | |a Peralbo Uzquiano, Manuel |e autor |9 437332 | ||
| 700 | 0 | |a Santórum Paz, Rosa |e author |9 437333 | |
| 700 | 0 | |a Gómez Durán, Bernardo José |e author |9 437334 | |
| 700 | 0 | |a García Fernández, Manuel |e author |9 437335 | |
| 245 | 1 | 0 | |a Desarrollo del lenguaje y cognición |
| 300 | |a 238 p | ||
| 942 | |c BK | ||
| 945 | |d 19991223 00:00:00 |a vberengu | ||
| 260 | |a Madrid |b Pirámide |c 1998 | ||
| 650 | 0 | |a Aprendizaje |9 254827 | |
| 650 | 0 | |a Cognición |9 270347 | |
| 650 | 0 | |a Desarrollo del lenguaje |9 311270 | |
| 650 | 0 | |a Desarrollo mental |9 313003 | |
| 650 | 0 | |a Pensamiento |9 307612 | |
| 650 | 0 | |a Psicolingüística |9 283371 | |
| 583 | |a last modification |c 19991223 00:00:00 |k Rodrigo Vera | ||
| 490 | 0 | |a Colección Psicología | |
| 999 | |c 284827 |d 284825 | ||
| 952 | |0 0 |1 0 |4 0 |6 372_600000000000000_PER_1998 |7 0 |8 A |9 329074 |a BIBEDU |b BIBEDU |c ES_NOD |d 2019-11-20 |i 3585492 |o 372.6 PER 1998 |p 3585492 |r 2023-08-09 |w 2019-11-20 |y BK |k PSI | ||
| 952 | |0 0 |1 0 |4 0 |6 372_600000000000000_PER_1998 |7 0 |8 A |9 329075 |a FDOPOS |b FDOPOS |d 2019-11-20 |i 3653390 |o 372.6 PER 1998 |p 3653390 |r 2025-01-22 |w 2019-11-20 |y BK |k MLA | ||
| 952 | |0 0 |1 0 |4 0 |6 372_600000000000000_PER_1998 |7 0 |8 A |9 329076 |a FDOPOS |b FDOPOS |d 2019-11-20 |i 3676641 |o 372.6 PER 1998 |p 3676641 |r 2025-01-22 |w 2019-11-20 |y BK |k MLA | ||
| 952 | |0 0 |1 0 |4 0 |6 372_600000000000000_PER_1998 |7 0 |8 A |9 329077 |a BIBEDU |b BIBEDU |c ES_NOD |d 2019-11-20 |i 392632K |o 372.6 PER 1998 |p 392632K |r 2023-08-09 |w 2019-11-20 |y BK |k LIT | ||